Media-encyclopedia Uzbekistan [
| Format: | Book |
|---|---|
| Language: | English |
| Published: |
Uzbekistan ,
s.n
|
MARC
| LEADER | 00000cam a2200000 7i4500 | ||
|---|---|---|---|
| 001 | 0000022644 | ||
| 005 | 20100308.0 | ||
| 008 | 100308 uz a v eng | ||
| 040 | |a INS | ||
| 090 | 0 | 0 | |a VCD 1771 |
| 245 | 0 | 0 | |a Media-encyclopedia Uzbekistan [ |h video disc] |
| 260 | |a Uzbekistan , |c s.n | ||
| 300 | |a 1 videodisc (1 hours) : |b col., sd., ill. ; |c 4 3/4 in. | ||
| 500 | |a Including photos, videos and music | ||
| 999 | |a VCD0001771 |b DIGITAL VIDEO CD |c Media Collection |e Default branch | ||